PostScript Level 2 /

Guardado en:
Detalles Bibliográficos
Autores principales: Barth, Matthias (Autor), Dereser, Karlheinz (Autor)
Formato: Libro
Lenguaje:checo
Publicado: Praha : Chip, 1994
Edición:1.vyd.
Materias:
Etiquetas: Agregar Etiqueta
Sin Etiquetas, Sea el primero en etiquetar este registro!

MARC

LEADER 00000nam a22000003a 4500
001 stu8079
005 20200922112651.5
008 951003s1994----xr------------------cze-d
040 |a STU  |b slo 
041 0 |a cze 
044 |a xr 
080 |a 681.32.06 
080 |a 519.682 
084 |a C6140  |2 INS 
100 1 |a Barth, Matthias  |4 aut 
245 1 |a PostScript Level 2 /  |c [aut.] Barth,Matthias; Dereser,Karlheinz 
250 |a 1.vyd. 
260 |a Praha :  |b Chip,  |c 1994 
300 |a preruš.str 
650 7 |a programovacie jazyky  |2 stusub 
700 1 |a Dereser, Karlheinz  |4 aut 
996 |b E80103  |c E*80103  |l EE15  |s P  |a 0  |w stu8079_0001